Upon the altar of the nation : a moral history of the American Civil War

Αποθηκεύτηκε σε:
Λεπτομέρειες βιβλιογραφικής εγγραφής
Κύριος συγγραφέας: Stout, Harry S.
Μορφή: Βιβλίο
Γλώσσα:English
Δημοσίευση: New York : Penguin Books, c2006
Θέματα:
Ετικέτες: Προσθήκη ετικέτας
Δεν υπάρχουν, Καταχωρήστε ετικέτα πρώτοι!

MARC

LEADER 00000nam a2200000 i 4500
001 1/46699
008 070622s2006 eng d
020 |a 978-0-14-303876-4 (pbk.) 
020 |a 0-670-03470-3 (hc.) 
035 |l 10088445 
040 |a GR-MY-UA  |b gre  |e aacr 
041 0 |a eng 
082 0 |a 973.71  |2 (22) 
100 1 |a Stout, Harry S. 
245 1 0 |a Upon the altar of the nation :  |b a moral history of the American Civil War /  |c Harry S. Stout 
260 |a New York :   |b Penguin Books,   |c c2006 
300 |a xxii, 552 σ.;  |b εικ.;  |c 24 εκ. 
504 |a Περιέχει βιβλιογραφία (σ. [513]-535) και ευρετήριο 
650 0 0 |a Just war doctrine. 
651 0 |a United States  |x History  |y Civil War, 1861-1865  |x Moral and ethical aspects. 
852 |a INST  |b LESVOS  |e 20070622  |h 973.71 STO  |p 005100038020  |q 005100038020  |t BK  |y 0 
901 |a BIBL1-2007-2 
909 |a Λ  |b 135380 
922 |a 1ΕΛΗ  |b 200706  |c ΕΠΕΑΕΚ2/ΤΚ  |d ΠΑΠΑΣΩΤΗΡΙΟΥ 
970 |a ΚΑΡΑ  |b ΓΙΑΣΕΜΗ  |z 2007/06/22